The tenant / (Record no. 407715)
[ view plain ]
| 000 -LEADER | |
|---|---|
| fixed length control field | 01843pam a2200385 i 4500 |
| 001 - CONTROL NUMBER | |
| control field | 1462174196 |
| 003 - CONTROL NUMBER IDENTIFIER | |
| control field | DLC |
| 005 - DATE AND TIME OF LATEST TRANSACTION | |
| control field | 20250508142934.0 |
| 007 - PHYSICAL DESCRIPTION FIXED FIELD--GENERAL INFORMATION | |
| fixed length control field | t| |
| 008 - FIXED-LENGTH DATA ELEMENTS--GENERAL INFORMATION | |
| fixed length control field | 250102s2025 ilu e 000 1 eng |
| 010 ## - LIBRARY OF CONGRESS CONTROL NUMBER | |
| LC control number | 2024046463 |
| 020 ## - INTERNATIONAL STANDARD BOOK NUMBER | |
| International Standard Book Number | 9781464238819 |
| Qualifying information | hardcover |
| 020 ## - INTERNATIONAL STANDARD BOOK NUMBER | |
| International Standard Book Number | 9781464227318 |
| Qualifying information | paperback |
| 035 ## - SYSTEM CONTROL NUMBER | |
| System control number | (OCoLC)1462174196 |
| 040 ## - CATALOGING SOURCE | |
| Original cataloging agency | DLC |
| Language of cataloging | eng |
| Description conventions | rda |
| Transcribing agency | DLC |
| Modifying agency | TnLvILS |
| 042 ## - AUTHENTICATION CODE | |
| Authentication code | pcc |
| 092 ## - LOCALLY ASSIGNED DEWEY CALL NUMBER (OCLC) | |
| Classification number | F |
| 100 1# - MAIN ENTRY--PERSONAL NAME | |
| Personal name | McFadden, Freida, |
| Relator term | author. |
| Relator code | aut. |
| 9 (RLIN) | 6445252 |
| 245 14 - TITLE STATEMENT | |
| Title | The tenant / |
| Statement of responsibility, etc | Freida McFadden. |
| 264 #1 - Production, Publication, Distribution, Manufacture, and Copyright Notice. | |
| Place of production, publication, distribution, manufacture | Naperville, Illinois : |
| Name of producer, publisher, distributor, manufacturer | Poisoned Pen Press, |
| Date of production, publication, distribution, manufacture, or copyr | [2025] |
| 264 #4 - Production, Publication, Distribution, Manufacture, and Copyright Notice. | |
| Date of production, publication, distribution, manufacture, or copyr | ©2025. |
| 300 ## - PHYSICAL DESCRIPTION | |
| Extent | 356 pages ; |
| Dimensions | 24 cm. |
| 336 ## - Content Type | |
| Content type term | text |
| 337 ## - Media type | |
| Media type term | unmediated |
| 338 ## - Carrier type | |
| Carrier type term | volume |
| 520 ## - SUMMARY, ETC. | |
| Summary, etc | "Blake Porter is riding high, until he's not. Fired abruptly from his job as a VP of marketing and unable to make his mortgage payments on his new brownstone, he's desperate to make ends meet for his fiancee, Krista. Enter: Whitney. Beautiful, charming, down-to-earth, and looking for a room to rent, she's exactly what Blake's looking for. Or is she? Because something isn't quite right. The neighbors start treating Blake differently. The smell of decay permeates the kitchen, no matter how hard he scrubs. And Whitney claims she knows what he's done. Soon it's obvious that danger lives right at home. And by the time Blake realizes it, it'll be far too late. He'll be dead before he realizes the trap is set"-- |
| 650 #0 - SUBJECT ADDED ENTRY--TOPICAL TERM | |
| Topical term or geographic name as entry element | Life change events. |
| 650 #0 - SUBJECT ADDED ENTRY--TOPICAL TERM | |
| Topical term or geographic name as entry element | Landlord and tenant |
| Form subdivision | Fiction. |
| 9 (RLIN) | 5708295 |
| 650 #0 - SUBJECT ADDED ENTRY--TOPICAL TERM | |
| Topical term or geographic name as entry element | Secrecy |
| Form subdivision | Fiction. |
| 9 (RLIN) | 5674238 |
| 651 #0 - SUBJECT ADDED ENTRY--GEOGRAPHIC NAME | |
| Geographic name | New York (N.Y.) |
| Form subdivision | Fiction. |
| 9 (RLIN) | 5673704 |
| 655 #7 - INDEX TERM--GENRE/FORM | |
| Genre/form data or focus term | Psychological fiction. |
| Source of term | lcgft. |
| 9 (RLIN) | 5673631 |
| 655 #7 - INDEX TERM--GENRE/FORM | |
| Genre/form data or focus term | Thrillers (Fiction) |
| Source of term | lcgft. |
| 907 ## - LOCAL DATA ELEMENT G, LDG (RLIN) | |
| a | .b495540572 |
| 942 ## - ADDED ENTRY ELEMENTS (KOHA) | |
| Source of classification or shelving scheme | Dewey Decimal Classification |
| Koha item type | BOOK |
| Withdrawn status | Lost status | Source of classification or shelving scheme | Damaged status | Not for loan | Collection code | Home library | Current library | Shelving location | Date acquired | Source of acquisition | Total Checkouts | Total Renewals | Full call number | Barcode | Checked out | Date last seen | Date checked out | Cost, replacement price | Price effective from | Koha item type |
|---|---|---|---|---|---|---|---|---|---|---|---|---|---|---|---|---|---|---|---|---|
| Dewey Decimal Classification | Fiction | Wasatch County Library | Wasatch County Library | First Floor | 06/24/2025 | Ingram | 11 | 5 | F McFadden | 34301002158865 | 04/18/2026 | 02/20/2026 | 02/20/2026 | 17.99 | 06/24/2025 | BOOK |
